000 00530nam a22001457a 4500
005 20211123175217.0
008 211123b ||||| |||| 00| 0 eng d
040 _cAIMIT LIBRARY
082 _a658 WATJ
100 _aWatts, Jeffrey;Nemer, Anne;Shivakumar, D.
_eJeffrey,Watts;Anne,Nemer;D,Shivakumar
_910799
245 _aDeveloping a global mindset.
_bProceedings of 35th National Management Convention of All India Management Association
260 _aNew Delhi
_bExcel Multimedia
650 _2AIMA
942 _2ddc
_cCD
_k658 WATJ
999 _c220747
_d220747